000 00508cam a2200193ua 4500
001 2528
008 110909n ii |||gr||||Z||||||asm
040 _cMAIN
082 _a491.451
100 _aKakati, Banikanta,
_eAuthore.
245 1 _aAsamiya bhasar gathan aru bikash
_cby Banikanta Kakati
250 _a1st.
260 _aGuahati:
_bGoverment of assam,996.
300 _a388p:
_c23cm.
653 _aLanguage
653 _aassamese language
653 _aAsamiya bhasar gathan aru bikash
942 _cBK
999 _c2381
_d2381